Psychic envelopes and unsatisfactory obstetric care experiences during pregnancy: An exploratory study (notice n° 1812014)
[ vue normale ]
| 000 -LEADER | |
|---|---|
| fixed length control field | 01864cam a2200181 4500500 |
| 005 - DATE AND TIME OF LATEST TRANSACTION | |
| control field | 20260329002129.0 |
| 041 ## - LANGUAGE CODE | |
| Language code of text/sound track or separate title | fre |
| 042 ## - AUTHENTICATION CODE | |
| Authentication code | dc |
| 100 10 - MAIN ENTRY--PERSONAL NAME | |
| Personal name | Marcoux-Bélair, E. |
| Relator term | author |
| 245 00 - TITLE STATEMENT | |
| Title | Psychic envelopes and unsatisfactory obstetric care experiences during pregnancy: An exploratory study |
| 260 ## - PUBLICATION, DISTRIBUTION, ETC. | |
| Date of publication, distribution, etc. | 2026.<br/> |
| 500 ## - GENERAL NOTE | |
| General note | 62 |
| 520 ## - SUMMARY, ETC. | |
| Summary, etc. | IntroductionIn Quebec, more than 90% of prenatal care is delivered in hospitals, primarily by obstetrician-gynecologists. This exploratory qualitative study examines the unsatisfactory experience of obstetric care during pregnancy and investigates how maternal identity and the bond with the unborn child are shaped in this context.MethodSemi-structured interviews were conducted with five participants who had received hospital-based prenatal care in Quebec within the past three years.ResultsThematic analysis of the interviews identified three main factors underlying dissatisfaction: the language used by healthcare professionals, their actions, and the caregiver–patient relationship. The results also indicate that this dissatisfaction tended to affect the overall pregnancy experience, sometimes weakening the bond with the unborn child. The degree to which this occurred seemed to be strongly influenced by each participant’s internal and external resources, echoing the concept of psychic envelopes.ConclusionThis exploratory research underscores the importance of considering how care is provided to pregnant individuals during pregnancy, with the aim of humanizing perinatal care and supporting the development of the parent–child bond. |
| 700 10 - ADDED ENTRY--PERSONAL NAME | |
| Personal name | Allard, M.-A. |
| Relator term | author |
| 700 10 - ADDED ENTRY--PERSONAL NAME | |
| Personal name | Noël, R. |
| Relator term | author |
| 786 0# - DATA SOURCE ENTRY | |
| Note | Périnatalité | 17 | 3 | 2026-02-18 | p. 103-112 | 2678-6524 |
| 856 41 - ELECTRONIC LOCATION AND ACCESS | |
| Uniform Resource Identifier | <a href="https://stm.cairn.info/journal-perinatalite-2025-3-page-103?lang=en&redirect-ssocas=7080">https://stm.cairn.info/journal-perinatalite-2025-3-page-103?lang=en&redirect-ssocas=7080</a> |
Pas d'exemplaire disponible.




Réseaux sociaux